000 00252nam a2200097Ia 4500
001 691974
005 20250826161846.0
008 250824s9999 xx 000 0 und d
245 0 _aGÖR BENİ İKİ DEVRİN HİKAYESİ
_cAZRA KOHEN
260 _bEVEREST YAYIN
999 _c691974
_d691974